Фройд (Запис номер 68336)
[ съкратено ]
| 000 -Лидер | |
|---|---|
| Контролно поле с фиксирана дължина | 02163nam a2200409 c 4500 |
| 003 - Код на организацията, давaща контролен номер | |
| Контролно поле | BLK |
| 005 - Дата и час на последна редакция | |
| Контролно поле | 20180420223606.0 |
| 008 - Елементи от данни с фиксирана дължина | |
| fixed length control field | 180408b bul|||||r ||||||| ||bul|| |
| 010 ## - Наследен системен номер | |
| LC control number | KNG00072655000 |
| 020 ## - Международен стандартен номер на книга ISBN | |
| Международен стандартен номер на книга ISBN | 954-91532-4-Х |
| -- | издат.: Център за психосоциална подкрепа - (Център за психосоциална подкрепа) |
| 020 ## - Международен стандартен номер на книга ISBN | |
| Международен стандартен номер на книга ISBN | 954-91725-2-Х |
| -- | издат.: Бълг. пространство за психоанализа - (Бълг. пространство за психоанализа) |
| 040 ## - Източник на каталожния запис | |
| Идентификатор на билиотеката - собственик на записа | BLK |
| 041 ## - Код за език | |
| Код за езика на текст/звукозапис или на отделно заглавие | Български |
| Код за езика КДБФ | Български |
| 080 ## - УДК | |
| Текстов определител УДК | Психоанализа |
| УДК код - определител по УДК | 159.964.2 |
| УДК определител | (436)(092) |
| УДК - код + определител | 159.964.2(436)(092) |
| 080 ## - УДК | |
| Текстов определител УДК | Ортодоксална психоанализа. Учение на Фройд. Активна психоанализа (по Щекел), нео-психоанализа |
| УДК код - определител по УДК | 615.851.134 |
| УДК определител | (436)(092) |
| УДК - код + определител | 615.851.134(436)(092) |
| 080 ## - УДК | |
| Текстов определител УДК | Австрийски психолог и психиатър |
| УДК код - определител по УДК | 929 Фройд, Зигмунд |
| УДК определител | |
| УДК - код + определител | 929 Фройд, Зигмунд |
| 100 1# - Редна дума - Автор | |
| Автор | Ландман, Патрик |
| Авторска отговорност | първи автор |
| R(LIN) | 87634 |
| 139 ## - Редно поле | |
| Редна дума | Ландман, Патрик |
| Авторски знак | Фро - Ф 85 |
| 245 10 - Сведения за заглавието | |
| Заглавие | Фройд |
| Редно поле (дума) | Патрик Ландман; прев. от фр. Анастасия Ненкова Гамова. |
| 257 ## - Страна на издаване | |
| Страна на създаване/издаване | Франция |
| 260 ## - Област на издателските данни | |
| -- | София |
| Име на издателя, разпространителя и проч. | Център за психосоциална подкрепа |
| -- | Бълг. пространство за психоанализа |
| Година на издаване | 2006 |
| Печатница | София : Стил 2003 |
| 300 ## - Физическа характеристика | |
| Страници | 112 с. |
| Размери/Мащаб | 21 см |
| 380 ## - Жанр | |
| Жанр | Философия |
| 500 ## - Общи забележки | |
| Забележка | Библиогр. под линия |
| 600 14 - Име на лице, използвано като предмет | |
| За него / За нея | Фройд, Зигмунд |
| 9 (RLIN) | 244303 |
| 650 #4 - Допълнително описание по предмет – тема | |
| Основно описание – тема или топоним | Психоаналитици, австрийски |
| 9 (RLIN) | 281069 |
| 650 #4 - Допълнително описание по предмет – тема | |
| Основно описание – тема или топоним | Психотерапевти, австрийски |
| 9 (RLIN) | 285571 |
| 653 ## - Ключова дума – ненормативна | |
| Ключова дума | Зигмунд Фройд |
| 653 ## - Ключова дума – ненормативна | |
| Ключова дума | психоанализа |
| 653 ## - Ключова дума – ненормативна | |
| Ключова дума | психоаналитици |
| 700 1# - Други автори (авторска отговорност) | |
| Лично име | Гамова, Анастасия Ненкова |
| Автороска отговорност (Описва отношението между автора и произведението) | прев. от фр. |
| 9 (RLIN) | 50857 |
| 852 ## - Местоположение | |
| Форматна сигнатура | Цб 232197 |
| 856 4# - Електронен адрес и достъп | |
| Електронен формат | pdf - файл |
| Път до файла /url/ | |
| 856 4# - Електронен адрес и достъп | |
| Електронен формат | pdf - файл |
| Път до файла /url/ | |
| 942 ## - АРТИКУЛИ | |
| Вид на библиотечния материал | Книги |
| Скрит в OPAC | Не |
| 944 ## - СЪЗДАВАНЕ И РЕДАКЦИЯ на ЗАПИСА | |
| Създаване/Редакция | Създаване |
| Дата на регистрацията/редакция | 09.03.2007 |
| Служител, извършил регистрацията/редакцията | Геновева_Генчева |
| 944 ## - СЪЗДАВАНЕ И РЕДАКЦИЯ на ЗАПИСА | |
| Създаване/Редакция | Редакция |
| Дата на регистрацията/редакция | 19.03.2007 |
| Служител, извършил регистрацията/редакцията | |
| 999 ## - СИСТЕМНИ КОНТРОЛНИ НОМЕРА | |
| Koha biblionumber | 68336 |
| Koha biblioitemnumber | 68336 |
| Код за отписване | Код за изгубен артикул | Код за повреда | Коз за рестрикции | Код за отдаване | Артикулен № | Име на библиотеката - собственик | Име на библиотеката, в която се намира в момента | Статус (Текущо местоположение) | Дата на вписване в системата | Местоположение - отдел | Цена в лева | Инвентарен номер | Систематично азбучна сигнатура | Баркод | Номер на екземпляра | Цена в евро | Служебна бележка | Служебен тип на артикула |
|---|---|---|---|---|---|---|---|---|---|---|---|---|---|---|---|---|---|---|
| Не е изгубен | Не е повреден | без рестрикции | ползва се в читалня | 112451 | Регионална библиотека "Любен Каравелов" Русе | Регионална библиотека "Любен Каравелов" Русе | Хранилище | 2007-03-12 | Хранилище | 8.00 | 120000710943 | Цб 232197 | 120000710943 | 1 | 4.09 | Дост: Dp Вид: Д N: 25 Дата: 31.05.2006 | Книги |